| 000 | 00786nam a22002057a 4500 | ||
|---|---|---|---|
| 005 | 20231128102716.0 | ||
| 008 | 231128b ||||| |||| 00| 0 eng d | ||
| 020 | _a9789383765959 | ||
| 040 | _cAL | ||
| 041 | _akan | ||
| 082 |
_223 _aK494.6 _bRADT |
||
| 100 |
_aRadhakrishna Belluru: ರಾಧಾಕೃಷ್ಣ ಬೆಳ್ಳೂರು _9143627 |
||
| 245 | _aTulu Chandassu: ತುಳು ಛಂದಸ್ಸು | ||
| 260 |
_aMangalore _bPrasaranga Mangalore University _c2015 |
||
| 300 |
_axvi,153p. _bPB _c21x14cm. |
||
| 365 |
_2Kannada _a063-65 _b90.00 _c₹ _d180.00 _e50% _f23-11-2023 |
||
| 650 |
_aTulu Grammar: ತುಳು ವ್ಯಾಕರಣ _9143624 |
||
| 700 |
_aBELLURU (Radhakrishna): ಬೆಳ್ಳೂರು (ರಾಧಾಕೃಷ್ಣ ) _9143625 |
||
| 942 |
_2ddc _cBK |
||
| 999 |
_c229329 _d229329 |
||